| 000 | 00813nam a22002417a 4500 | ||
|---|---|---|---|
| 003 | LK-CoDNM | ||
| 005 | 20241105111722.0 | ||
| 008 | 241015b |||||||| |||| 00| 0 eng d | ||
| 040 |
_aLK-CoDNM _dLK-CoDNM _eLK-CoDNM |
||
| 041 | _asin | ||
| 080 |
_aප්ර.ස _b111.1 |
||
| 100 | _aඅරවින් ගුණවරධන | ||
| 245 |
_aසිතුමිණ-1945 _b2 කාණ්ඩය 9 කලාපය |
||
| 260 |
_aමහනුවර _c1945 _bසිතුමිණි යන්ත්රාලය |
||
| 300 | _b8p. ; 26 cm | ||
| 650 | _aසිතුමිණ-1945 | ||
| 650 | _a2 කාණ්ඩය 9 කලාපය | ||
| 650 | _aමාසික සගරාව | ||
| 650 | _aප්ර.ස 111.1 | ||
| 650 | _a1945 | ||
| 650 | _aඅරවින් ගුණවරධන | ||
| 942 | _cBK | ||
| 999 |
_c226708 _d226708 |
||